header

Compound semiconductor integrated circuits (Record no. 14910)

MARC details
000 -LEADER
fixed length control field 01291nam a22003254a 4500
082 04 - DEWEY DECIMAL CLASSIFICATION NUMBER
Classification number 621.3815/2
245 00 - TITLE STATEMENT
Title Compound semiconductor integrated circuits
260 ## - PUBLICATION, DISTRIBUTION, ETC. (IMPRINT)
Place of publication River Edge, NJ :
Name of publisher World Scientific Pub.,
Year of publication c2003.
300 ## - PHYSICAL DESCRIPTION
Number of Pages xii, 349 p. :
Other physical details ill.
490 1# - SERIES STATEMENT
Series statement Selected topics in electronics and systems ;
650 #0 - SUBJECT ADDED ENTRY--TOPICAL TERM
Topical Term Compound semiconductors.
Topical Term Integrated circuits.
700 1# - ADDED ENTRY--PERSONAL NAME
Personal name Vu, T. T.
856 40 - ELECTRONIC LOCATION AND ACCESS
Uniform Resource Identifier http://site.ebrary.com/lib/rucke/Doc?id=10255658

No items available.

© 2026 Rongo University
Contact us: librarian | system librarian | Rongo university